music trivia: the 2010s - Statistics

General Stats
  • This quiz has been taken 256 times
    213 since last reset
  • The average score is 4 of 15
Answer Stats
Hint Answer % Correct
In 2010 this artist became the youngest person to win an Album of the Year Grammy, she was 20 years 49 days old. Taylor Swift
84%
What UK artist has the best-selling album by a male performer in the '10s? Ed Sheeran
58%
As of 2019, "Despacito" is one of the most viewed music videos ever on YouTube. Who is this song by? Luis Fonsi and Daddy Yankee
56%
This broadway musical from the '10s holds the record for the most Tony Awards won including Best Musical, Best Original Score, Best Direction, etc. Hamilton
47%
Who is the only male artist this decade to win 6 Grammys in one night? Bruno Mars
21%
Who recieved the most Academy Award nominations for Best Original Music Score this decade? Also the most Oscar-nominated film composer of all time. John Williams
21%
Which album has won the most Grammy Awards (seven) this decade? It doesn't have anything to do with Blackjack. 21 by Adele
16%
Chick Corea has won eight Grammys this decade, in a variety of jazz categories. What is the primary instrument that Chick plays? piano/keyboards
15%
The best selling digital single of all time is from 2017, and is by a performer who guested on an episode of Game of Thrones, what is it? "Shape of You" by Ed Sheeran
14%
One music group has had the best selling Christmas/holiday album in the U.S. for 4 years in a row this decade. What is the name of this group? Pentatonix
13%
Kristen Anderson-Lopez and Robert Lopez are the only songwriters to win 2 Oscars for Best Original Song this decade, name either of the two films those songs were written for. Coco or Frozen
10%
Bruce Springsteen and the E Street Band is one of four still-active American bands with sales of 120 million or more. Name one of the other three, still-active as of 2019, best-selling, American bands. The Eagles, Aerosmith or Metallica
10%
There have been two traditional live action movie musicals to be nominated for an Academy Award for Best Picture this decade. name either one. Les Miserables or La La Land
7%
Current artists; Cecile McLorin Salvant, Robert Glasper, Esperanza Spaulding and Gregory Porter share this genre. jazz
5%
Which female singer has the most wins of any artist at the Country Music Awards this decade? Miranda Lambert
5%
No matching quizzes found
Score Distribution
Percent of People with Each Score
Percentile by Number Answered
Your Score History
You have not taken this quiz since the last reset